000 01900cam a2200373 i 4500
001 y99967708307
003 OCoLC
005 20240105134737.0
008 030211t20031990cau 000 0 eng
010 _a 2003044056
020 _a1583940790
_q(trade paperback)
020 _a9781583940792
_q(trade paperback)
035 _a(OCoLC)51728792
040 _aDLC
_beng
_erda
_cDLC
_dUKM
_dBAKER
_dBTCTA
_dYDXCP
_dTXCAP
_dBDX
_dOCLCF
_dOCLCQ
_dUPB
043 _an-us---
050 0 0 _aPS745.A3
_bJ37 2003
082 0 0 _a818./102
_221
092 _ageneral nonfiction
_b818 Franklin
100 1 _aFranklin, Benjamin,
_d1706-1790
_eauthor.
245 1 0 _aFart proudly :
_bwritings of Benjamin Franklin you never read in school /
_ccompiled & edited by Carl Japikse.
260 _aBerkeley, Calif. :
_bFrog, Ltd. ;
_aColumbus, Ohio :
_bEnthea Press,
_c[2003]
264 4 _c2003.
_aCalifornia ;
_bNorth Atlantic Books.
300 _a128 pages ;
_c22 cm
336 _atext
337 _aunmediated
338 _avolume
505 0 _aThere is a side to Benjamin Franklin we were not exposed to in school. There was a bawdy, scurrilous dimension to Franklin's character that was all too eager to ingnite the flames fo controversy -- and keep them burning. This book is a testament to the satirical rogue that lived peaceably inside the philosopher and statesman. It is also tribute to the ideal of a free press in the United States. They are witty, funny, and often scandalous, penned by one of the greatest Americans to live during the exciting times of the birth of this country.
583 _acat
_bstacks
_c20160929
_kkjw
_5UPB
600 1 0 _aFranklin, Benjamin,
_d1706-1790
_vQuotations.
_96479981
650 0 _aQuotations, American.
_990295
650 0 _aSatire, American.
_991000
700 1 _aJapikse, Carl
_ecompiler,
_eeditor.
_95828616
942 _2ddc
_cBOOK
999 _c392005
_d392005